<?xml version="1.0" encoding="UTF-8"?>
<record
    xmlns:xsi="http://www.w3.org/2001/XMLSchema-instance"
    xsi:schemaLocation="http://www.loc.gov/MARC21/slim http://www.loc.gov/standards/marcxml/schema/MARC21slim.xsd"
    xmlns="http://www.loc.gov/MARC21/slim">

  <leader>00574nam a22002057a 4500</leader>
  <controlfield tag="003">KOHA_M&#x130;RAKIL</controlfield>
  <controlfield tag="005">20260331102945.0</controlfield>
  <controlfield tag="008">260331b        tu ||||| |||| 00| 0 tur d</controlfield>
  <datafield tag="020" ind1=" " ind2=" ">
    <subfield code="a">9789963290437</subfield>
  </datafield>
  <datafield tag="040" ind1=" " ind2=" ">
    <subfield code="a">TR-AnABB</subfield>
    <subfield code="b">tur</subfield>
    <subfield code="c">TR-AnABB</subfield>
  </datafield>
  <datafield tag="041" ind1=" " ind2=" ">
    <subfield code="a">tur</subfield>
  </datafield>
  <datafield tag="082" ind1=" " ind2=" ">
    <subfield code="a">813.42</subfield>
    <subfield code="b">SAH 2013</subfield>
  </datafield>
  <datafield tag="100" ind1="1" ind2=" ">
    <subfield code="a">&#x15E;aho&#x11F;lu, Hasibe</subfield>
  </datafield>
  <datafield tag="245" ind1="1" ind2="0">
    <subfield code="a">Zemzem'in k&#x131;rm&#x131;z&#x131; &#xE7;ar&#x15F;af&#x131; /</subfield>
    <subfield code="c">Hasibe &#x15E;aho&#x11F;lu</subfield>
  </datafield>
  <datafield tag="260" ind1=" " ind2=" ">
    <subfield code="a">K&#x131;br&#x131;s : </subfield>
    <subfield code="b">[yayl. y.] ,</subfield>
    <subfield code="c">2013</subfield>
  </datafield>
  <datafield tag="300" ind1=" " ind2=" ">
    <subfield code="a">87 sayfa ; </subfield>
    <subfield code="c">18 cm</subfield>
  </datafield>
  <datafield tag="500" ind1=" " ind2=" ">
    <subfield code="a">Yazar imzal&#x131;</subfield>
  </datafield>
  <datafield tag="650" ind1="0" ind2="4">
    <subfield code="a">T&#xFC;rk edebiyat&#x131;, roman</subfield>
  </datafield>
  <datafield tag="942" ind1=" " ind2=" ">
    <subfield code="2">ddc</subfield>
    <subfield code="c">BK</subfield>
  </datafield>
  <datafield tag="952" ind1=" " ind2=" ">
    <subfield code="0">0</subfield>
    <subfield code="1">0</subfield>
    <subfield code="2">ddc</subfield>
    <subfield code="7">0</subfield>
    <subfield code="a">RUK</subfield>
    <subfield code="b">RUK</subfield>
    <subfield code="d">2026-03-31</subfield>
    <subfield code="l">0</subfield>
    <subfield code="o">813.42 SAH 2013</subfield>
    <subfield code="p">RK1121</subfield>
    <subfield code="r">2026-03-31 10:32:13</subfield>
    <subfield code="w">2026-03-31</subfield>
    <subfield code="y">BK</subfield>
  </datafield>
  <datafield tag="999" ind1=" " ind2=" ">
    <subfield code="c">10104</subfield>
    <subfield code="d">10104</subfield>
  </datafield>
  <datafield tag="900" ind1=" " ind2=" ">
    <subfield code="b">Can &#xC7;ELIK</subfield>
  </datafield>
</record>
